| 000 | 00745nam a22002171 4500 | ||
|---|---|---|---|
| 001 | 34923 | ||
| 003 | BD-RjUL | ||
| 005 | 20211209052230.0 | ||
| 008 | 140520s1959 ii a 000 0 eng d | ||
| 035 | _a(OCoLC)ocm34670239 | ||
| 035 | _a(BD-RjUL)35017 | ||
| 040 |
_aEIT _cEIT _dZCU _dBD-RjUL _beng |
||
| 041 | _aeng | ||
| 082 |
_a304.6 _bREG 1959 |
||
| 110 | 2 |
_aUnesco. _bResearch Centre on the Social Implications of Industrialization in Southern Asia. _9106311 |
|
| 245 | 1 | 0 |
_aRegional seminar on techniques of social research : _b(Proceedings of the seminar held at Calcutta 15-20, Dec. 1958) / |
| 260 |
_aCalcutta : _c1959. _bUnesco, |
||
| 300 |
_a169 p. : _bill.; _c21 cm. |
||
| 650 | 0 |
_aSocial sciences _xResearch. _9106310 |
|
| 942 |
_2ddc _cBK |
||
| 999 |
_c34923 _d34923 |
||